|
|
|
|
| LEADER |
00000nab a2200000uu 4500 |
| 001 |
vtls011461207 |
| 003 |
SK-MaSNL |
| 005 |
20260303151604.0 |
| 008 |
230222|2014 xo |||||||||||||||||eng| |
| 015 |
|
|
|a SNBRB
|
| 035 |
|
|
|a (urnnbn)urn:nbn:sk:snk:ar-a0ah77
|
| 035 |
|
|
|a (uuid)cc1fca5a-bf51-4b3f-b19f-a070fe3fd7dc
|
| 035 |
|
|
|a urn:nbn:sk:snk-abcuxq
|
| 040 |
|
|
|a SNKBUCL
|b slo
|c SNKBUCL
|e AACR2
|
| 041 |
0 |
|
|a eng
|
| 044 |
|
|
|a xo
|c SK
|
| 100 |
1 |
|
|a Yong Kun Tang
|4 aut
|9 1171341
|
| 245 |
1 |
0 |
|a A MODIFIED HALPERN-TYPE ITERATION ALGORITHM FOR QUASI-Ø-ASYMPTOTICALLY NONEXPANSIVE MAPPINGS AND APPLICATIONS
|c Yong Kun Tang, Shih-Sen Chang, Lin Wang, Y. H. Zhao, Chi Kin Chan
|
| 700 |
1 |
|
|a Chi Kin Chan
|4 aut
|9 1171342
|
| 700 |
1 |
|
|a Lin Wang
|4 aut
|9 1171343
|
| 700 |
1 |
|
|a Shih-Sen Chang
|4 aut
|9 1171344
|
| 700 |
1 |
|
|a Y. H. Zhao
|4 aut
|9 1171345
|
| 773 |
0 |
|
|t Mathematica Slovaca : (Tlačené vyd.)
|g Roč. 64, č. 1 (2014), s. [175]-186
|
| 958 |
|
|
|a OND
|
| 958 |
|
|
|a EUIPO
|
| 958 |
|
|
|a article16
|
| 999 |
|
|
|c 2018495
|d 2020425
|